Statistics for WWE United States Champions

Click here to take the quiz!

General Stats

  • This quiz has been taken 1,255 times
  • The average score is 42 of 131

Answer Stats

# Person % Correct
101John Cena
88%
103John Cena
88%
99John Cena
88%
122The Miz
66%
98Big Show
66%
119The Miz
66%
74Chris Benoit
58%
105Chris Benoit
58%
79Chris Benoit
58%
108Chris Benoit
58%
113Chris Benoit
58%
106Booker T
56%
100Booker T
56%
91Booker T
56%
96Edge
56%
107Booker T
56%
118Kofi Kingston
56%
125Kofi Kingston
56%
131Kofi Kingston
55%
9Ric Flair
54%
17Ric Flair
54%
15Ric Flair
54%
13Ric Flair
54%
56Ric Flair
54%
115Matt Hardy
53%
97Eddie Guerrero
53%
57Eddie Guerrero
53%
126Dolph Ziggler
53%
109JBL
51%
117MVP
50%
69Bret Hart
50%
77Bret Hart
50%
120Bret Hart
50%
65Bret Hart
50%
67Bret Hart
50%
114MVP
50%
124Sheamus
49%
123Daniel Bryan
49%
95Kurt Angle
46%
128Jack Swagger
46%
102Carlito
40%
76Goldberg
38%
64Goldberg
38%
52Sting
36%
116Shelton Benjamin
36%
43Sting
36%
121R-Truth
36%
129Santino Marella
35%
104Orlando Jordan
33%
66Lex Luger
33%
47Steve Austin
33%
42Lex Luger
33%
40Lex Luger
33%
35Lex Luger
33%
49Steve Austin
33%
38Lex Luger
33%
127Zack Ryder
32%
110Bobby Lashley
31%
130Antonio Cesaro
31%
71Scott Hall
29%
78Scott Hall
29%
1Harley Race
29%
111Finlay
28%
36Dusty Rhodes
27%
72Scott Steiner
26%
82Scott Steiner
26%
112Mr. Kennedy
26%
28Ricky Steamboat
25%
48Ricky Steamboat
25%
81Jeff Jarrett
25%
59Jeff Jarrett
25%
14Ricky Steamboat
25%
80Jeff Jarrett
25%
10Ricky Steamboat
25%
58Dean Malenko
24%
70Roddy Piper
24%
25Roddy Piper
24%
18Roddy Piper
24%
94Rhyno
22%
63Raven
22%
44Rick Rude
22%
62Diamond Dallas Page
22%
68Diamond Dallas Page
22%
51Vader
21%
87Lance Storm
19%
90Rick Steiner
19%
83Lance Storm
19%
85Lance Storm
19%
50Jim Duggan
18%
45Dustin Rhodes
17%
46Dustin Rhodes
17%
3Terry Funk
16%
93Tajiri
16%
26Greg Valentine
16%
24Greg Valentine
16%
84Terry Funk
16%
32Tully Blanchard
15%
61Curt Hennig
15%
22Sgt. Slaughter
15%
20Sgt. Slaughter
15%
92Kanyon
14%
16Jimmy Snuka
14%
75Sid Vicious
14%
55Konnan
14%
37Barry Windham
13%
33Magnum T.A.
13%
73David Flair
13%
31Magnum T.A.
13%
19Wahoo McDaniel
12%
21Wahoo McDaniel
12%
30Wahoo McDaniel
12%
23Wahoo McDaniel
12%
29Wahoo McDaniel
12%
89Shane Douglas
12%
5Blackjack Mulligan
11%
7Blackjack Mulligan
11%
54One Man Gang
11%
11Blackjack Mulligan
11%
6Paul Jones
10%
60Steve McMichael
10%
12Mr. Wrestling
10%
39Michael Hayes
10%
4Paul Jones
10%
34Nikita Koloff
10%
2Johnny Valentine
9%
27Dick Slater
9%
41Stan Hansen
9%
8Bobo Brazil
9%
53Kensuke Sasaki
8%
86Gen. Rection
8%
88Gen. Rection
8%

Score Distribution

Percentile by Number Answered

Percent of People with Each Score

Your Score History

You have not taken this quiz